00387nam a22001577a 4500003000700000005001700007008004100024082002000065100002300085245001600108250001700124260003400141300000800175490002900183650001700212MPLRDC20220104142547.0210129b ||||| |||| 00| 0 eng d a857.44 SYXS c.2 a随缘下士编辑 a林兰香c a一版一刷 ab春风文艺出版社c1985 b平 a明末清初小说选刊 a章回小说